94th Academy Awards (2022 Oscars) - All Winners - Statistics

General Stats
  • This quiz has been taken 190 times
  • The average score is 12 of 23
Answer Stats
Category Recipient % Correct
Best Picture CODA
91%
Best Adapted Screenplay CODA
91%
Best Actor Will Smith
81%
Best Actress Jessica Chastain
75%
Best Visual Effects Dune
67%
Best Cinematography Dune
67%
Best Original Score Dune
67%
Best Sound Dune
67%
Best Production Design Dune
67%
Best Film Editing Dune
67%
Best Director Jane Campion
66%
Best Supporting Actress Ariana DeBose
59%
Best Animated Feature Film Encanto
57%
Best Original Song No Time to Die
42%
Best Makeup and Hairstyling The Eyes of Tammy Faye
40%
Best Costume Design Cruella
39%
Best Original Screenplay Belfast
38%
Best Supporting Actor Troy Kotstur
30%
Best Documentary Feature Summer of Soul
20%
Best Animated Short Film The Windshield Wiper
12%
Best Documentary Short Subject The Queen of Basketball
11%
Best Live Action Short Film The Long Goodbye
9%
Best International Feature Film Driving My Car
8%
No matching quizzes found
Score Distribution
Percent of People with Each Score
Percentile by Number Answered
Your Score History
You have not taken this quiz